| 000 | 01000nam a2200229 a 4500 | ||
|---|---|---|---|
| 005 | 20090924140748.0 | ||
| 008 | 061228s2007 ii ab 000 0 eng | ||
| 010 | _aENG-95053 | ||
| 020 |
_a9788190801584 _c120.00 |
||
| 035 | _aEN-78586 | ||
| 037 | _bDBAD / PUB | ||
| 040 |
_adpl _bEnglish |
||
| 082 | _a535 | ||
| 100 | _aFerdinand, A. Christy | ||
| 245 |
_aOptics / _cby A. Christy Ferdinand |
||
| 260 |
_aChidambaram _bJayapriya Publications _c2008 |
||
| 270 |
_aNo. 113 C. Kothangudi Street, _bChidambaram _e608001 |
||
| 300 |
_a166p. _c21cm(pbk) |
||
| 520 | _aContributed articles chiefly on the politics of Jammu and Kashmir, insurgency and terrorism in the state, and relations with Pakistan with special reference to these conditions in the aftermath of the earthquake on October 8, 2005. | ||
| 942 |
_2ddc _cEN _mFER _h535 |
||
| 999 |
_c30665 _d30665 |
||